000 00643nab a2200181 4500
001 244442
003 OSt
005 20240716093554.0
007 tu
008 200917s2020|||||||
040 _aDE-2950
_cDE-2950
245 0 0 _aStimmungsvoller Abschluss vor der Großbildleinwand
_bBunter Hering. Das Stadtfest ging am Sonntagabend mit Public Viewing zu Ende. Mehrere hundert Fußballfans kamen zum Finale der EM auf den Brunnenplatz/
_cLeonard Palm
264 _c2024
653 _aFrankfurt (Oder)
653 _aStadtfest
773 0 _g35. Jahrgang (2024) Nr. 164 vom 16.07.2024, S. 15 mit Foto
_tMärkische Oderzeitung
942 _2z
_cA
999 _c373258
_d373258